[Event "21. Copenhagen Open  (Politiken Cup)"]
[Site "Copenhagen"]
[Date "1999.07.04"]
[Round "1"]
[White "Christensen, Thomas"]
[Black "Gozzi, Giorgio"]
[Result "1-0"]
[WhiteElo "2231"]
[BlackElo "1657"]
[PlyCount "141"]
[EventDate "1999.07.03"]
[EventType "swiss"]
[EventRounds "11"]
[EventCountry "DEN"]
[SourceDate "2004.01.01"]

1. d4 Nf6 2. c4 c5 3. d5 b5 4. cxb5 a6 5. bxa6 Bxa6 6. Nc3 g6 7. e4 Bxf1 8.
Kxf1 d6 9. Nf3 Nbd7 10. h3 Bg7 11. Kg1 O-O 12. Kh2 Nb6 13. Re1 Nfd7 14. Re2 Qb8
15. Kh1 Nc4 16. Qc2 Qb4 17. Ne1 Rfb8 18. Nd3 Qa5 19. f4 Rb7 20. e5 dxe5 21. Ne4
Nd6 22. Bd2 Qb6 23. Nexc5 Nxc5 24. Nxc5 Rc8 25. b4 Nf5 26. Ree1 exf4 27. Rab1
Ng3+ 28. Kh2 Qf6 29. Qc4 Nh5 30. Qe4 Rbc7 31. a4 Qg5 32. Rb3 Nf6 33. Qxf4 Qxd5
34. Rd3 Qa2 35. Kh1 Nh5 36. Qf3 Qc4 37. Re4 Qc2 38. Re1 Nf6 39. Rc1 Qa2 40. Be1
Qb2 41. Qd1 Nh5 42. Rc2 Qf6 43. Rd8+ Bf8 44. Rxc8 Qf1+ 45. Kh2 Rxc8 46. Rf2 Qc4
47. Qe2 Qd5 48. Rf3 e6 49. Bf2 Bd6+ 50. g3 Qa8 51. a5 Qb8 52. Qc4 Bxc5 53. Bxc5
Qe5 54. a6 Qb2+ 55. Kg1 Qa1+ 56. Kg2 Qb2+ 57. Rf2 Qa3 58. Qh4 Qxa6 59. g4 Qa8+
60. Kg1 Rxc5 61. bxc5 Qa1+ 62. Rf1 Qd4+ 63. Qf2 Nf4 64. Qxd4 Ne2+ 65. Kf2 Nxd4
66. Rd1 Nc6 67. Rd6 Ne7 68. c6 f5 69. c7 fxg4 70. hxg4 Kf7 71. Rd7 1-0

[Event "21. Copenhagen Open  (Politiken Cup)"]
[Site "Copenhagen"]
[Date "1999.07.04"]
[Round "1"]
[White "Jessen, Simon Pind"]
[Black "Peelen, Piet"]
[Result "0-1"]
[WhiteElo "1939"]
[BlackElo "2382"]
[PlyCount "94"]
[EventDate "1999.07.03"]
[EventType "swiss"]
[EventRounds "11"]
[EventCountry "DEN"]
[SourceDate "2004.01.01"]

1. d4 Nf6 2. Nf3 e6 3. g3 b5 4. Bg2 Bb7 5. O-O c5 6. c3 a6 7. Nbd2 cxd4 8. cxd4
Qb6 9. b3 Be7 10. Bb2 O-O 11. Rc1 d5 12. Ne5 Nbd7 13. Nd3 a5 14. Nf3 b4 15.
Nfe5 Nxe5 16. Nxe5 Rfc8 17. f3 Ba6 18. Qd2 Ne8 19. Kh1 Bb5 20. Bh3 Qa6 21. Rfe1
Rxc1 22. Rxc1 Rc8 23. Rxc8 Qxc8 24. Nd3 Nf6 25. Bg2 Nd7 26. e4 Nf6 27. Nf4 Qc6
28. exd5 Nxd5 29. Nxd5 Qxd5 30. f4 Qf5 31. Qc1 h5 32. Bf3 Be2 33. Bxe2 Qe4+ 34.
Kg1 Qxe2 35. Qc8+ Kh7 36. Qc1 Bf6 37. Qb1+ g6 38. Qc1 h4 39. Ba1 Qxa2 40. Qb2
Qxb2 41. Bxb2 Kg8 42. Kf2 Kf8 43. Ke3 g5 44. Kd3 gxf4 45. gxf4 h3 46. Kc4 Bh4
47. d5 Bg3 0-1

[Event "21. Copenhagen Open  (Politiken Cup)"]
[Site "Copenhagen"]
[Date "1999.07.04"]
[Round "2"]
[White "Aagaard, Jacob"]
[Black "Christensen, Stefan"]
[Result "1-0"]
[WhiteElo "2403"]
[BlackElo "2196"]
[PlyCount "73"]
[EventDate "1999.07.03"]
[EventType "swiss"]
[EventRounds "11"]
[EventCountry "DEN"]
[SourceDate "2004.01.01"]

1. d4 Nf6 2. c4 e6 3. Nf3 b6 4. g3 Bb7 5. Bg2 Be7 6. O-O O-O 7. b3 d5 8. cxd5
Nxd5 9. Bb2 c5 10. Nc3 cxd4 11. Nxd5 Bxd5 12. Nxd4 Bxg2 13. Kxg2 Bf6 14. e3
Bxd4 15. Bxd4 Nc6 16. Bc3 Qxd1 17. Rfxd1 Rfd8 18. f4 f6 19. Kf2 Kf7 20. Ke2 Ne7
21. a4 a6 22. Rxd8 Rxd8 23. Bd4 Rc8 24. Bxb6 Rc2+ 25. Kd3 Rxh2 26. b4 Nd5 27.
Bc5 Rb2 28. e4 Nc7 29. Rd1 Ne8 30. Kc3 Rg2 31. Rd7+ Kg6 32. b5 axb5 33. axb5
Rxg3+ 34. Kc4 f5 35. e5 Rg2 36. b6 Rb2 37. Bb4 1-0

[Event "21. Copenhagen Open  (Politiken Cup)"]
[Site "Copenhagen"]
[Date "1999.07.04"]
[Round "2"]
[White "Al Saad, Mofid"]
[Black "Kragh, Niels Kristian"]
[Result "0-1"]
[WhiteElo "1323"]
[BlackElo "1813"]
[PlyCount "70"]
[EventDate "1999.07.03"]
[EventType "swiss"]
[EventRounds "11"]
[EventCountry "DEN"]
[SourceDate "2004.01.01"]

1. e4 Nc6 2. d4 e5 3. d5 Nce7 4. c4 Ng6 5. a3 a5 6. Be2 Nf6 7. Nc3 Bc5 8. Nf3
d6 9. O-O Bd7 10. h3 a4 11. Re1 O-O 12. Bf1 h6 13. Qc2 Nh7 14. Ne2 f5 15. Ng3
f4 16. Nf5 Qf6 17. Bd3 Ne7 18. N3h4 Rf7 19. Kh1 g5 20. Nxe7+ Rxe7 21. Nf5 Rf7
22. g4 h5 23. f3 hxg4 24. fxg4 Bxf5 25. exf5 Qh6 26. Qg2 Nf6 27. Bf1 Rh7 28. b4
axb3 29. Rb1 Qh4 30. Re2 Nxg4 31. Rxb3 e4 32. Rf3 exf3 33. Qxf3 Ne5 34. Qe4 Qg3
35. Be3 Rxh3+ 0-1

[Event "21. Copenhagen Open  (Politiken Cup)"]
[Site "Copenhagen"]
[Date "1999.07.04"]
[Round "2"]
[White "Arngrimsson, Dagur"]
[Black "Manley, Christian"]
[Result "1-0"]
[WhiteElo "1725"]
[BlackElo "1086"]
[PlyCount "45"]
[EventDate "1999.07.03"]
[EventType "swiss"]
[EventRounds "11"]
[EventCountry "DEN"]
[SourceDate "2004.01.01"]

1. e4 c5 2. Nf3 Nf6 3. Nc3 e6 4. e5 Nd5 5. Nxd5 exd5 6. d4 d6 7. Be2 Nc6 8.
exd6 Bxd6 9. dxc5 Bxc5 10. O-O Bg4 11. Bg5 f6 12. Bf4 Bxf3 13. Bxf3 Nd4 14.
Re1+ Kf8 15. Bh5 g6 16. Bh6+ Kg8 17. Bg4 f5 18. c3 fxg4 19. cxd4 Bb6 20. Qxg4
Qd6 21. Re6 Qd8 22. Rxg6+ Kf7 23. Qe6# 1-0

[Event "21. Copenhagen Open  (Politiken Cup)"]
[Site "Copenhagen"]
[Date "1999.07.04"]
[Round "2"]
[White "Auchenberg, Per"]
[Black "Hansen, Soren Asger"]
[Result "1-0"]
[WhiteElo "2054"]
[BlackElo "1683"]
[PlyCount "39"]
[EventDate "1999.07.03"]
[EventType "swiss"]
[EventRounds "11"]
[EventCountry "DEN"]
[SourceDate "2004.01.01"]

1. f4 e5 2. fxe5 d6 3. exd6 Bxd6 4. Nf3 g5 5. g3 Nc6 6. Nc3 Bg4 7. Bg2 Bxf3 8.
Bxf3 Qd7 9. Ne4 O-O-O 10. d3 h6 11. c3 Ne5 12. Bg2 f5 13. Nxd6+ Qxd6 14. Qb3 c6
15. Be3 f4 16. gxf4 gxf4 17. Bd4 f3 18. Bh3+ Kb8 19. Qe6 f2+ 20. Kf1 1-0

[Event "21. Copenhagen Open  (Politiken Cup)"]
[Site "Copenhagen"]
[Date "1999.07.04"]
[Round "2"]
[White "Berg, Olaf"]
[Black "Jessen, Simon Pind"]
[Result "1-0"]
[WhiteElo "1530"]
[BlackElo "1939"]
[PlyCount "31"]
[EventDate "1999.07.03"]
[EventType "swiss"]
[EventRounds "11"]
[EventCountry "DEN"]
[SourceDate "2004.01.01"]

1. e4 e5 2. Nf3 Nf6 3. Nc3 Nc6 4. Bc4 Bc5 5. O-O O-O 6. d3 d6 7. Bg5 Be6 8. Bb3
Kh8 9. Kh1 a6 10. Qc1 Qe7 11. Nh4 Nd4 12. f4 h6 13. Bxe6 Qxe6 14. f5 Qe7 15.
Nd5 hxg5 16. Ng6+ 1-0

[Event "21. Copenhagen Open  (Politiken Cup)"]
[Site "Copenhagen"]
[Date "1999.07.04"]
[Round "2"]
[White "Bering, Anders"]
[Black "Schmidt, Horst Hubert"]
[Result "1-0"]
[WhiteElo "2007"]
[BlackElo "1672"]
[PlyCount "87"]
[EventDate "1999.07.03"]
[EventType "swiss"]
[EventRounds "11"]
[EventCountry "DEN"]
[SourceDate "2004.01.01"]

1. e4 d6 2. d4 Nf6 3. Nc3 g6 4. f3 Bg7 5. Be3 O-O 6. Qd2 c6 7. O-O-O b5 8. g4
b4 9. Nce2 Qa5 10. Kb1 c5 11. Nc1 Be6 12. d5 Bxg4 13. fxg4 Nxe4 14. Qd3 Nc3+
15. bxc3 Bxc3 16. Nb3 Qc7 17. Bd2 Bg7 18. Bc1 a5 19. Bb2 Bxb2 20. Kxb2 a4 21.
Nd2 Nd7 22. Ngf3 b3 23. a3 bxc2 24. Kxc2 Rfb8 25. Be2 c4 26. Nxc4 Rb3 27. Qd4
Rxa3 28. Kd2 Ra2+ 29. Ke3 Nc5 30. Nfd2 e5 31. dxe6 Re8 32. Kf2 Rxe6 33. Bf3 Nb3
34. Qf4 Qc5+ 35. Kg3 g5 36. Qf5 Qd4 37. Rhe1 Rg6 38. Bd5 Qc3+ 39. Re3 Qf6 40.
Qxf6 Rxf6 41. Ne4 Rh6 42. h3 Kg7 43. Nexd6 Nc5 44. Nf5+ 1-0

[Event "21. Copenhagen Open  (Politiken Cup)"]
[Site "Copenhagen"]
[Date "1999.07.04"]
[Round "2"]
[White "Bjarnason, Larus H"]
[Black "Meulenbroek, Kim"]
[Result "1-0"]
[WhiteElo "1550"]
[BlackElo "1940"]
[PlyCount "81"]
[EventDate "1999.07.03"]
[EventType "swiss"]
[EventRounds "11"]
[EventCountry "DEN"]
[SourceDate "2004.01.01"]

1. d4 Nf6 2. c4 g6 3. Nc3 Bg7 4. e4 d6 5. f3 O-O 6. Be3 Nc6 7. a3 a6 8. Bd3 e5
9. d5 Nd4 10. Nge2 Nd7 11. Bf2 c5 12. dxc6 bxc6 13. Nxd4 exd4 14. Ne2 c5 15.
Nf4 Ne5 16. O-O Rb8 17. Rb1 f5 18. Bg3 g5 19. Nd5 f4 20. Be1 h5 21. Rf2 Bh6 22.
b4 g4 23. Bf1 Be6 24. a4 Bxd5 25. exd5 Bg7 26. b5 axb5 27. axb5 Ra8 28. Qb3 g3
29. Ra2 Rxa2 30. Qxa2 gxh2+ 31. Kxh2 Bf6 32. b6 Bh4 33. Bxh4 Qxh4+ 34. Kg1 Ng4
35. fxg4 hxg4 36. g3 Qxg3+ 37. Qg2 Qe3+ 38. Qf2 Qc3 39. b7 g3 40. Qe2 f3 41.
Qe6+ 1-0

[Event "21. Copenhagen Open  (Politiken Cup)"]
[Site "Copenhagen"]
[Date "1999.07.04"]
[Round "2"]
[White "Bosch, Jeroen"]
[Black "Birgisdottir, Ingibjorg Edda"]
[Result "1-0"]
[WhiteElo "2433"]
[BlackElo "1295"]
[PlyCount "67"]
[EventDate "1999.07.03"]
[EventType "swiss"]
[EventRounds "11"]
[EventCountry "DEN"]
[SourceDate "2004.01.01"]

1. d4 d5 2. c4 c6 3. Nc3 Nf6 4. e3 Bf5 5. cxd5 cxd5 6. Qb3 Qd7 7. Bb5 Nc6 8.
Nf3 e6 9. Ne5 Qc7 10. Qa4 Rc8 11. Qxa7 Bd6 12. Nxc6 bxc6 13. Qxc7 Rxc7 14. Be2
O-O 15. f3 Rb8 16. Kf2 h6 17. b3 Rcc8 18. Bb2 c5 19. Nb5 Bf8 20. Rhc1 Ne8 21.
dxc5 Bxc5 22. Bd4 Bxd4 23. exd4 Bh7 24. Ke3 g5 25. Kd2 Ng7 26. a4 f5 27. a5 Ra8
28. Rxc8+ Rxc8 29. a6 Ne8 30. Rc1 Ra8 31. Nc7 Nxc7 32. Rxc7 Bg6 33. a7 Be8 34.
b4 1-0

[Event "21. Copenhagen Open  (Politiken Cup)"]
[Site "Copenhagen"]
[Date "1999.07.04"]
[Round "2"]
[White "Backlund, Anders"]
[Black "Preuss, Flemming"]
[Result "1-0"]
[WhiteElo "2265"]
[BlackElo "2078"]
[PlyCount "107"]
[EventDate "1999.07.03"]
[EventType "swiss"]
[EventRounds "11"]
[EventCountry "DEN"]
[SourceDate "2004.01.01"]

1. e4 c5 2. Nf3 Nc6 3. d4 cxd4 4. Nxd4 Nf6 5. Nc3 e5 6. Ndb5 d6 7. Bg5 a6 8.
Na3 b5 9. Nd5 Qa5+ 10. Bd2 Qd8 11. Nxf6+ Qxf6 12. Bd3 Be7 13. O-O O-O 14. c3
Qg6 15. Nc2 f5 16. exf5 Bxf5 17. Bxf5 Qxf5 18. Ne3 Qg6 19. Nd5 Bd8 20. Be3 Kh8
21. a4 Rb8 22. axb5 axb5 23. Ra6 Ne7 24. Nxe7 Bxe7 25. Qb3 Qf7 26. Qxf7 Rxf7
27. Rfa1 Kg8 28. Kf1 Bf8 29. Ke2 d5 30. Re6 Re7 31. Rxe7 Bxe7 32. Ra7 Kf8 33.
Rd7 Rd8 34. Rb7 d4 35. cxd4 exd4 36. Rxe7 dxe3 37. Rxe3 Kf7 38. Re5 Rb8 39. Kd2
Kf6 40. Rc5 g6 41. Kc3 h5 42. h4 Rb6 43. g3 Rb8 44. b3 b4+ 45. Kc4 Rb6 46. Rb5
Rc6+ 47. Kxb4 Rc2 48. f4 Rg2 49. Rg5 Rg1 50. Kb5 Rb1 51. b4 Rb3 52. Kc5 Rc3+
53. Kb6 Rb3 54. b5 1-0

[Event "21. Copenhagen Open  (Politiken Cup)"]
[Site "Copenhagen"]
[Date "1999.07.04"]
[Round "2"]
[White "Baekgaard, Martin"]
[Black "Hartvig, Ove Weiss"]
[Result "0-1"]
[WhiteElo "2055"]
[BlackElo "2289"]
[PlyCount "116"]
[EventDate "1999.07.03"]
[EventType "swiss"]
[EventRounds "11"]
[EventCountry "DEN"]
[SourceDate "2004.01.01"]

1. c4 e5 2. Nc3 Nc6 3. g3 g6 4. Bg2 Bg7 5. e3 f5 6. Nge2 e4 7. d3 exd3 8. Qxd3
Nf6 9. O-O Ne5 10. Qc2 O-O 11. b3 Rb8 12. Ba3 Re8 13. Rac1 b6 14. Rfd1 Bb7 15.
Nd5 d6 16. Nec3 a6 17. Qe2 Kh8 18. b4 Nfd7 19. h4 Bc6 20. e4 b5 21. cxb5 axb5
22. Bb2 Nc4 23. Ba1 fxe4 24. Nxe4 Bxa1 25. Rxa1 Re5 26. Ndc3 d5 27. Ng5 Qe7 28.
Qg4 Nf6 29. Qd4 Rf8 30. Nf3 Re6 31. Bh3 Rd6 32. Re1 Qg7 33. Ng5 Nh5 34. Ne6
Qxd4 35. Nxd4 Nd2 36. Bg2 Nf6 37. Ncxb5 Bxb5 38. Nxb5 Rd7 39. Rac1 Nc4 40. Bxd5
Rxd5 41. Nxc7 Re5 42. Rxe5 Nxe5 43. b5 Ne4 44. Ne6 Re8 45. b6 Nd6 46. Nd4 Rb8
47. Nc6 Rc8 48. Rb1 Rxc6 49. b7 Nxb7 50. Rxb7 Ra6 51. h5 Rxa2 52. hxg6 hxg6 53.
Kg2 Kg8 54. Rb8+ Kg7 55. Rb7+ Kh6 56. Rb8 Kg7 57. Rb7+ Kh6 58. Rb8 Nd3 0-1

[Event "21. Copenhagen Open  (Politiken Cup)"]
[Site "Copenhagen"]
[Date "1999.07.04"]
[Round "2"]
[White "Clausen, Mikkel"]
[Black "Schandorff, Lars"]
[Result "1/2-1/2"]
[WhiteElo "1787"]
[BlackElo "2514"]
[PlyCount "87"]
[EventDate "1999.07.03"]
[EventType "swiss"]
[EventRounds "11"]
[EventCountry "DEN"]
[SourceDate "2004.01.01"]

1. e4 c5 2. c3 Nf6 3. e5 Nd5 4. d4 cxd4 5. cxd4 d6 6. Bc4 e6 7. Nf3 Nc6 8. O-O
Be7 9. a3 Nb6 10. Bd3 d5 11. Qc2 h6 12. Nc3 Bd7 13. Be3 Rc8 14. Qe2 Na5 15. Nd2
Nac4 16. Bxc4 Nxc4 17. Nxc4 Rxc4 18. f4 Qb6 19. Rf2 Qc6 20. Qd1 b5 21. Ne2 O-O
22. Ng3 f5 23. Rd2 Rc8 24. Ne2 a5 25. Ra2 Qb7 26. b3 R4c7 27. Rdb2 b4 28. a4
Qa6 29. Kf2 Be8 30. Qf1 Bh4+ 31. g3 Be7 32. Ng1 Qxf1+ 33. Kxf1 Bh5 34. Ne2 Bf3
35. Kf2 Be4 36. Ke1 Kf7 37. Bd2 g5 38. Kf2 Kg6 39. h3 Rc3 40. Bxc3 bxc3 41. Rc2
Bxc2 42. Rxc2 Bb4 43. Ke3 Kf7 44. Kf3 1/2-1/2

[Event "21. Copenhagen Open  (Politiken Cup)"]
[Site "Copenhagen"]
[Date "1999.07.04"]
[Round "2"]
[White "Coleman, David"]
[Black "Ori, Marco"]
[Result "1-0"]
[WhiteElo "2240"]
[BlackElo "2068"]
[PlyCount "43"]
[EventDate "1999.07.03"]
[EventType "swiss"]
[EventRounds "11"]
[EventCountry "DEN"]
[SourceDate "2004.01.01"]

1. e4 c6 2. d4 d5 3. exd5 cxd5 4. c4 Nf6 5. Nc3 e6 6. Nf3 Bb4 7. cxd5 Nxd5 8.
Qc2 Nc6 9. Bd3 h6 10. O-O O-O 11. Be3 Nf6 12. Rad1 b6 13. Qc1 Re8 14. Ne4 Bb7
15. Bxh6 Nxd4 16. Bxg7 Bxe4 17. Qh6 Nxf3+ 18. Kh1 Nh7 19. Bxe4 Nfg5 20. Rxd8
Raxd8 21. Bb1 f5 22. Qg6 1-0

[Event "21. Copenhagen Open  (Politiken Cup)"]
[Site "Copenhagen"]
[Date "1999.07.04"]
[Round "2"]
[White "Damgaard, Sven"]
[Black "Rasmussen, Poul"]
[Result "1-0"]
[WhiteElo "1939"]
[BlackElo "1581"]
[PlyCount "81"]
[EventDate "1999.07.03"]
[EventType "swiss"]
[EventRounds "11"]
[EventCountry "DEN"]
[SourceDate "2004.01.01"]

1. d4 d5 2. Nf3 Nf6 3. c4 e6 4. e3 Be7 5. Nc3 O-O 6. Bd2 b6 7. cxd5 exd5 8. Rc1
Bb7 9. Be2 Nbd7 10. O-O c5 11. b3 Ne4 12. Be1 Ndf6 13. Ne5 Rc8 14. f3 Nxc3 15.
Bxc3 cxd4 16. Bxd4 Qd6 17. Qd2 Rxc1 18. Rxc1 Nd7 19. Qb2 Bf6 20. Nxd7 Bxd4 21.
Qxd4 Qxd7 22. e4 Rc8 23. Rd1 Rc2 24. Rd2 Rxd2 25. Qxd2 d4 26. Kf2 Qd6 27. g3 g6
28. Qf4 Qc5 29. Bc4 Qe7 30. Ke2 a6 31. a4 Bc6 32. Qb8+ Kg7 33. Qxb6 Qf6 34. Qc7
d3+ 35. Bxd3 Qb2+ 36. Ke3 Qc1+ 37. Kd4 Qb2+ 38. Kc5 Qc3+ 39. Bc4 Be8 40. Qd8
Qxf3 41. Qxe8 1-0

[Event "21. Copenhagen Open  (Politiken Cup)"]
[Site "Copenhagen"]
[Date "1999.07.04"]
[Round "2"]
[White "Danielsen, Henrik"]
[Black "Christensen, Thomas"]
[Result "1/2-1/2"]
[WhiteElo "2512"]
[BlackElo "2231"]
[PlyCount "100"]
[EventDate "1999.07.03"]
[EventType "swiss"]
[EventRounds "11"]
[EventCountry "DEN"]
[SourceDate "2004.01.01"]

1. f4 d5 2. Nf3 Nf6 3. g3 Bf5 4. Bg2 e6 5. d3 Bc5 6. h3 h5 7. Ng5 c6 8. e4 dxe4
9. dxe4 Qxd1+ 10. Kxd1 Bg6 11. Ke2 Nh7 12. Nxh7 Bxh7 13. Be3 Bxe3 14. Kxe3 Nd7
15. Nd2 Ke7 16. Nc4 e5 17. h4 f6 18. Rhd1 Rhd8 19. b4 b6 20. Bh3 Bg8 21. Nd6
Be6 22. Bxe6 Kxe6 23. Rd3 Nf8 24. Rad1 Rd7 25. c4 a5 26. a3 axb4 27. axb4 Rda7
28. Nf5 g6 29. Nd6 f5 30. exf5+ gxf5 31. fxe5 Ng6 32. Kd4 Ra3 33. Rxa3 Rxa3 34.
Ne8 Rxg3 35. Ng7+ Kf7 36. Nxf5 Rg4+ 37. Kc3 Rf4 38. e6+ Kf6 39. Nd4 c5 40. Nc6
Kxe6 41. bxc5 bxc5 42. Rd5 Nxh4 43. Rxh5 Nf5 44. Rg5 Nd6 45. Rg6+ Rf6 46. Rg4
Rf3+ 47. Kb2 Kf5 48. Rh4 Kg5 49. Rh8 Nxc4+ 50. Kc2 Na3+ 1/2-1/2

[Event "21. Copenhagen Open  (Politiken Cup)"]
[Site "Copenhagen"]
[Date "1999.07.04"]
[Round "2"]
[White "Dinesen, Henrik"]
[Black "Jensen, Jan Kargaard"]
[Result "0-1"]
[WhiteElo "1129"]
[BlackElo "1740"]
[PlyCount "36"]
[EventDate "1999.07.03"]
[EventType "swiss"]
[EventRounds "11"]
[EventCountry "DEN"]
[SourceDate "2004.01.01"]

1. d4 Nf6 2. c4 g6 3. Nc3 d5 4. e3 Bg7 5. Nf3 O-O 6. Bd3 dxc4 7. Bxc4 c5 8. O-O
Nc6 9. d5 Na5 10. Be2 a6 11. Rb1 Bf5 12. e4 Nxe4 13. Nxe4 Bxe4 14. Bd3 Qxd5 15.
Bxe4 Qxe4 16. Bd2 Nc6 17. Re1 Qd5 18. b3 Rfd8 0-1

[Event "21. Copenhagen Open  (Politiken Cup)"]
[Site "Copenhagen"]
[Date "1999.07.04"]
[Round "2"]
[White "El Kher, Henrik"]
[Black "Lonborg, Morten"]
[Result "1-0"]
[WhiteElo "2332"]
[BlackElo "2159"]
[PlyCount "51"]
[EventDate "1999.07.03"]
[EventType "swiss"]
[EventRounds "11"]
[EventCountry "DEN"]
[SourceDate "2004.01.01"]

1. e4 c5 2. Nf3 d6 3. d4 cxd4 4. Qxd4 Bd7 5. c4 Nc6 6. Qd2 Nf6 7. Nc3 Bg4 8.
Be2 Bxf3 9. Bxf3 g6 10. b3 Bg7 11. Bb2 O-O 12. O-O a6 13. Rac1 Rb8 14. Rfd1 Nd7
15. Nd5 Nc5 16. Bxg7 Kxg7 17. b4 Nd7 18. Bg4 Nf6 19. Nxf6 Kxf6 20. b5 Ne5 21.
Qd4 Kg5 22. f4+ Kxf4 23. Qd2+ Kxg4 24. Rc3 e6 25. Qh6 Qb6+ 26. c5 1-0

[Event "21. Copenhagen Open  (Politiken Cup)"]
[Site "Copenhagen"]
[Date "1999.07.04"]
[Round "2"]
[White "Gislason, Ingolfur"]
[Black "Larusdottir, Aldis Run"]
[Result "1-0"]
[WhiteElo "1810"]
[BlackElo "1350"]
[PlyCount "65"]
[EventDate "1999.07.03"]
[EventType "swiss"]
[EventRounds "11"]
[EventCountry "DEN"]
[SourceDate "2004.01.01"]

1. d4 d5 2. c4 c6 3. Nf3 Nf6 4. Nc3 Bf5 5. g3 e6 6. Nh4 dxc4 7. Bg2 Be7 8. e4
Bg6 9. Nxg6 hxg6 10. Bg5 a6 11. Qe2 Nxe4 12. Nxe4 Bxg5 13. Qxc4 Bf6 14. Rd1 Qb6
15. O-O O-O 16. Nxf6+ gxf6 17. Rfe1 Ra7 18. h4 Qxb2 19. Rb1 Qd2 20. Qc5 Ra8 21.
h5 Nd7 22. Qd6 Rad8 23. hxg6 fxg6 24. Qxe6+ Kg7 25. Rxb7 Rf7 26. Bxc6 Qxd4 27.
Bd5 Ne5 28. Rxf7+ Nxf7 29. Qxf7+ Kh6 30. Bg2 Qb6 31. Re7 Rd2 32. Qh7+ Kg5 33.
Qh4+ 1-0

[Event "21. Copenhagen Open  (Politiken Cup)"]
[Site "Copenhagen"]
[Date "1999.07.04"]
[Round "2"]
[White "Gozzi, Giorgio"]
[Black "Henrichsen, Jens"]
[Result "1-0"]
[WhiteElo "1657"]
[BlackElo "2059"]
[PlyCount "81"]
[EventDate "1999.07.03"]
[EventType "swiss"]
[EventRounds "11"]
[EventCountry "DEN"]
[SourceDate "2004.01.01"]

1. e4 c5 2. Nf3 Nc6 3. d4 cxd4 4. Nxd4 Nf6 5. Nc3 e5 6. Nb3 Bb4 7. Bd3 d5 8.
exd5 Nxd5 9. Bd2 Nxc3 10. Bxc3 Bxc3+ 11. bxc3 O-O 12. O-O Qe7 13. Re1 f5 14.
Bc4+ Kh8 15. Qe2 Bd7 16. Bd5 Rae8 17. Qc4 e4 18. Bxc6 Bxc6 19. Nd4 Rc8 20. Rab1
Qe5 21. Qb4 Bd5 22. Qa5 Rf6 23. Rxb7 Qd6 24. Qxa7 Bxb7 25. Qxb7 Qc7 26. Qxc7
Rxc7 27. Nb5 Rc5 28. Rd1 h6 29. Rd8+ Kh7 30. Rb8 Ra6 31. a3 Ra5 32. Nd4 Rxa3
33. Kf1 Raxc3 34. Ne6 Rc8 35. Rb7 Kg6 36. Nd4 R8c5 37. Rb6+ Kf7 38. Rb7+ Rc7
39. Rb6 R3c4 40. Ne6 R7c6 41. Nd8+ 1-0

[Event "21. Copenhagen Open  (Politiken Cup)"]
[Site "Copenhagen"]
[Date "1999.07.04"]
[Round "2"]
[White "Grigorian, Anusit"]
[Black "Hansen, Erik Svaerke"]
[Result "1/2-1/2"]
[WhiteElo "2000"]
[BlackElo "1626"]
[PlyCount "42"]
[EventDate "1999.07.03"]
[EventType "swiss"]
[EventRounds "11"]
[EventCountry "DEN"]
[SourceDate "2004.01.01"]

1. d4 Nf6 2. c4 e6 3. Nc3 d5 4. Bg5 Be7 5. e3 h6 6. Bxf6 Bxf6 7. cxd5 exd5 8.
Bd3 O-O 9. Nf3 Be6 10. O-O c6 11. Ne2 Nd7 12. b4 a5 13. b5 c5 14. a4 c4 15. Bb1
Nb6 16. Qc2 g6 17. Nc3 Re8 18. Nd2 Bg7 19. Qd1 f5 20. f4 Bf8 21. g4 Qd7 1/2-1/2

[Event "21. Copenhagen Open  (Politiken Cup)"]
[Site "Copenhagen"]
[Date "1999.07.04"]
[Round "2"]
[White "Grigoryan, Meri"]
[Black "Matthiesen, Martin"]
[Result "0-1"]
[WhiteElo "2100"]
[BlackElo "2322"]
[PlyCount "64"]
[EventDate "1999.07.03"]
[EventType "swiss"]
[EventRounds "11"]
[EventCountry "DEN"]
[SourceDate "2004.01.01"]

1. d4 Nf6 2. c4 g6 3. Nc3 Bg7 4. g3 c5 5. Nf3 cxd4 6. Nxd4 Nc6 7. Bg2 O-O 8.
O-O Ng4 9. e3 d6 10. Nxc6 bxc6 11. Bxc6 Rb8 12. Bg2 Ne5 13. Nb5 Be6 14. Bd5 Bh3
15. Re1 e6 16. Bh1 d5 17. Nxa7 Qb6 18. Nb5 Nxc4 19. Nd4 Nxb2 20. Bxb2 Qxb2 21.
Re2 Qa3 22. Qc1 Qa7 23. Nc6 Qa6 24. Rc2 Rb6 25. Rb1 Ra8 26. Rxb6 Qxb6 27. Ne7+
Kf8 28. Nc8 Qb4 29. Rc7 Rxa2 30. Na7 Bb2 31. Nc6 Qa4 32. Rc8+ Kg7 0-1

[Event "21. Copenhagen Open  (Politiken Cup)"]
[Site "Copenhagen"]
[Date "1999.07.04"]
[Round "2"]
[White "Hansen, Anders"]
[Black "Jensen, John Klaus"]
[Result "1-0"]
[WhiteElo "1937"]
[BlackElo "1563"]
[PlyCount "51"]
[EventDate "1999.07.03"]
[EventType "swiss"]
[EventRounds "11"]
[EventCountry "DEN"]
[SourceDate "2004.01.01"]

1. d4 c6 2. c4 d5 3. Nc3 e5 4. dxe5 d4 5. Ne4 Qa5+ 6. Bd2 Qxe5 7. Ng3 d3 8. Bc3
dxe2 9. Bxe2 Qe7 10. Nf3 Be6 11. O-O Nd7 12. Re1 O-O-O 13. Qa4 Kb8 14. b4 Nb6
15. Qc2 Qd7 16. Rad1 Qc8 17. Rxd8 Qxd8 18. Rd1 Qc8 19. a4 Nf6 20. a5 Nbd7 21.
Nd4 Be7 22. a6 Nb6 23. axb7 Qxb7 24. Bf3 Bd7 25. b5 Rc8 26. Ngf5 1-0

[Event "21. Copenhagen Open  (Politiken Cup)"]
[Site "Copenhagen"]
[Date "1999.07.04"]
[Round "2"]
[White "Hansen, Erik Friberg"]
[Black "Lynge, Torben"]
[Result "0-1"]
[WhiteElo "1028"]
[BlackElo "1708"]
[PlyCount "100"]
[EventDate "1999.07.03"]
[EventType "swiss"]
[EventRounds "11"]
[EventCountry "DEN"]
[SourceDate "2004.01.01"]

1. c4 e6 2. e3 d5 3. cxd5 exd5 4. d4 c6 5. Nf3 Bd6 6. Bd3 Nf6 7. Nbd2 Be6 8.
Ng5 Bg4 9. Ngf3 h6 10. h3 Be6 11. a3 O-O 12. O-O Qc8 13. Re1 Re8 14. b4 Nbd7
15. Bb2 Nf8 16. e4 dxe4 17. Nxe4 Nxe4 18. Bxe4 Nd7 19. Rc1 Nf6 20. Bb1 Bd5 21.
Bc3 Rxe1+ 22. Bxe1 Qe6 23. Bc3 Re8 24. Qd3 Be4 25. Qe3 Nd5 26. Ba2 Nxe3 27.
Bxe6 Rxe6 28. fxe3 Bxf3 29. gxf3 Rxe3 30. Kg2 Re2+ 31. Kf1 Rh2 32. Re1 Kf8 33.
Rd1 Rxh3 34. Kg2 Rh2+ 35. Kg1 Ra2 36. Ra1 Rxa1+ 37. Bxa1 g5 38. Kg2 f5 39. Bc3
Bf4 40. Kh3 h5 41. a4 Ke7 42. b5 Kd6 43. Kg2 Kd5 44. Kf2 h4 45. Kg2 g4 46. fxg4
fxg4 47. Kf2 h3 48. Kg1 g3 49. Ba1 Be3+ 50. Kh1 g2+ 0-1